Riconosci il Pokémon - Quiz n°316 - Statistics

Statistiche generali
  • Questo quiz è stato fatto 1 volte
  • Il punteggio medio è 10 su 10
Statistiche sulle risposte
Indizio Risposta % Corretto
Altezza 0,2 m
100%
Tasso di cattura 190 (35.2%)
100%
Peso 2,0 kg
100%
Sesso 50% ♂, 50% ♀
100%
Stadio evoluzione Forma Base
100%
Tasso di allevamento Medio-Veloce
100%
Pokémon Natu
100%
Tipo Psico / Volante
100%
Generazione Seconda
100%
Abilità Sincronismo; Sveglialampo; Magispecchio
100%
Nessun quiz corrispondente trovato
Distribuzione punteggi
Percentuale di utenti per punteggio
Percentile per numero di risposta
I tuoi punteggi nel tempo
Non hai fatto questo quiz